Los ribadenses de antaño / (Record no. 149184)

MARC details
000 -LEADER
campo de control de longitud fija 00534nam a2200169 i 4500
001 - NÚMERO DE CONTROL
campo de control 149184
003 - IDENTIFICADOR DE NÚMERO DE CONTROL
campo de control ES-MaACL
005 - FECHA Y HORA DE LA ÚLTIMA TRANSACCIÓN
campo de control 20230906203006.0
007 - CAMPO FIJO DE DESCRIPCIÓN FÍSICA--INFORMACIÓN GENERAL
campo de control de longitud fija t|
008 - DATOS DE LONGITUD FIJA--INFORMACIÓN GENERAL
campo de control de longitud fija 071019s1978 sp ||||1| spa d
100 1# - ENTRADA PRINCIPAL--NOMBRE DE PERSONA
Nombre de persona Vega Prada, Juan Luis.
9 (RLIN) 113619
245 14 - MENCIÓN DEL TÍTULO
Título Los ribadenses de antaño /
Mención de responsabilidad, etc. Juan Luis Vega Prada ; prólogo Daniel Cortezón Alvarez.
260 ## - PUBLICACIÓN, DISTRIBUCIÓN, ETC.
Lugar de publicación, distribución, etc. Oviedo :
Nombre del editor, distribuidor, etc. [s.n.],
Fecha de publicación, distribución, etc. 1978 (
Fabricante Graf. Summa)
300 ## - DESCRIPCIÓN FÍSICA
Extensión 64 p. ;
Dimensiones 25 cm.
700 1# - ENTRADA AGREGADA--NOMBRE PERSONAL
Nombre de persona Cortezón, Daniel (
Fechas asociadas al nombre 1927-2009)
9 (RLIN) 40926
852 ## - LOCALIZACIÓN
Ubicación ES-MaACL
Número de control de estantería A-9423
Sublocalización o colección R.98679
Holdings
Estatus retirado Estado de pérdida Estado de daño No para préstamo Biblioteca de origen Biblioteca actual Ubicación en estantería Fecha de adquisición Fuente de adquisición Total de préstamos Signatura topográfica completa Código de barras Visto por última vez Precio de reemplazo Tipo de ítem Koha
        Biblioteca del Ateneo de Madrid Biblioteca del Ateneo de Madrid Depósito 1 17/01/2008     A-9423 1155677 23/02/2023 23/02/2023 Libro impreso